<?xml version="1.0" encoding="UTF-8"?><?xml-stylesheet type="text/xsl" href="static/style.xsl"?><OAI-PMH xmlns="http://www.openarchives.org/OAI/2.0/" xmlns:xsi="http://www.w3.org/2001/XMLSchema-instance" xsi:schemaLocation="http://www.openarchives.org/OAI/2.0/ http://www.openarchives.org/OAI/2.0/OAI-PMH.xsd"><responseDate>2026-06-01T19:54:01Z</responseDate><request verb="GetRecord" identifier="oai:riuma.uma.es:10630/41425" metadataPrefix="marc">https://riuma.uma.es/rest/oai/request</request><GetRecord><record><header><identifier>oai:riuma.uma.es:10630/41425</identifier><datestamp>2026-02-03T11:01:43Z</datestamp><setSpec>com_10630_2254</setSpec><setSpec>col_10630_37953</setSpec></header><metadata><record xmlns="http://www.loc.gov/MARC21/slim" xmlns:dcterms="http://purl.org/dc/terms/" xmlns:doc="http://www.lyncode.com/xoai" xmlns:xsi="http://www.w3.org/2001/XMLSchema-instance" xsi:schemaLocation="http://www.loc.gov/MARC21/slim http://www.loc.gov/standards/marcxml/schema/MARC21slim.xsd">
   <leader>00925njm 22002777a 4500</leader>
   <datafield ind2=" " ind1=" " tag="042">
      <subfield code="a">dc</subfield>
   </datafield>
   <datafield ind2=" " ind1=" " tag="720">
      <subfield code="a">Merino Gómez, María Ángeles</subfield>
      <subfield code="e">author</subfield>
   </datafield>
   <datafield ind2=" " ind1=" " tag="720">
      <subfield code="a">García-Moreno, Alberto Enrique</subfield>
      <subfield code="e">author</subfield>
   </datafield>
   <datafield ind2=" " ind1=" " tag="720">
      <subfield code="a">Boned-Purkiss, Francisco Javier</subfield>
      <subfield code="e">author</subfield>
   </datafield>
   <datafield ind2=" " ind1=" " tag="260">
      <subfield code="c">2025</subfield>
   </datafield>
   <datafield ind2=" " ind1=" " tag="520">
      <subfield code="a">Introducción: Esta investigación explora la relación entre modernidad arquitectónica y cine experimental mediante el análisis de la sede de las dos primeras ediciones de la Semana Internacional de Cine de Autor de Benalmádena (SICAB, 1969-70), el Hotel Alay. Metodología: A través del estudio de los fondos documentales de las colecciones de Julio Diamante (cineasta) y Manuel Jaén Albaitero (arquitecto), donados a la Universidad de Málaga, se indaga en la conexión entre la arquitectura turística singular proyectada en la Costa del Sol en los años sesenta del pasado siglo y su capacidad para representar valores culturales de vanguardia. Resultados y Discusión: La arquitectura turística en la Costa del Sol se erigió como portavoz de una nueva modernidad arquitectónica, que trascendía los estereotipos españoles, conectaba con el carácter internacional, más allá de vinculaciones geográficas o culturales, y era capaz de ser reconocida como espacio innovador. Conclusiones: La modernidad que suponía este tipo de cine de autor, su audaz temática y su avanzada narrativa desde lo audiovisual, encontraba así acomodo y difusión en el seno de una versatilidad espacial enraizada en la modernidad arquitectónica.</subfield>
   </datafield>
   <datafield ind1="8" ind2=" " tag="024">
      <subfield code="a">Merino Gómez, M.A.; García Moreno, A. E.; Boned Purkiss, J. (2025). Arquitectura moderna para la Semana Internacional de Cine de Autor de Benalmádena: el Hotel Alay. European Public &amp; Social Innovation Review. 10, 1 - 21.</subfield>
   </datafield>
   <datafield ind1="8" ind2=" " tag="024">
      <subfield code="a">2529-9824</subfield>
   </datafield>
   <datafield ind1="8" ind2=" " tag="024">
      <subfield code="a">https://hdl.handle.net/10630/41425</subfield>
   </datafield>
   <datafield ind1="8" ind2=" " tag="024">
      <subfield code="a">10.31637/epsir-2025-1467</subfield>
   </datafield>
   <datafield tag="653" ind2=" " ind1=" ">
      <subfield code="a">Arquitectura en el cine</subfield>
   </datafield>
   <datafield tag="653" ind2=" " ind1=" ">
      <subfield code="a">Arquitectura contemporánea</subfield>
   </datafield>
   <datafield tag="653" ind2=" " ind1=" ">
      <subfield code="a">Festivales cinematográficos</subfield>
   </datafield>
   <datafield ind2="0" ind1="0" tag="245">
      <subfield code="a">Arquitectura moderna para la Semana Internacional de Cine de Autor de Benalmádena: el Hotel Alay.</subfield>
   </datafield>
</record>
</metadata></record></GetRecord></OAI-PMH>